000
00251nam a2200085Ia 4500
245
0
_a
Harvest diaries
100
_a
Stevens, Christine, , 1958- Auckland Park, South Africa, 2008
_9
86263
942
_c
BK
008
210817s9999 xx 000 0 und d
999
_c
328403
_d
328402